=LDR 00000nam 2200000 4500 =001 INLIS000000000015470 =005 20130612110740 =008 ***********************************Indo** =035 ##$$0010-061300000015470 =041 ##$$a Indo =082 ##$$a R.150.03 =090 ##$$a R.150.03, Gul =100 ##$$a Gulo Dali =245 ##$$a Kamus Psyologi, Dali Gulo =260 ##$$a 1982 $b Bandung =300 ##$$a viii 316 hlm, 20 cm =650 ##$$a Psikiologi-Kamus =850 ##$$a NBPNMAT